000 00955nam a22002897a 4500
001 BR2016004915
003 BR-BrBNA
005 20230928105013.0
007 ta
008 230509b bl.||||| |||| 00| 0 por d
040 _aBR-BrBNA
_bpor
_cBiblioteca Nacional de Agricultura
041 _a(Por)
072 _aE14
090 _ E14 BR2016004915
100 1 _aSilva, B.G. da (ed.)
100 1 _aCastro, M.M. (ed.)
110 1 _aMinistério do Desenvolvimento Agrário, Brasília, DF (Brasil). Secretaria de Desenvolvimento Territorial
_97485
245 1 _aPrograma desenvolvimento sustentável de territórios rurais PRONAT; balanço de gestão 2003-2010
260 3 _aBrasília, DF (Brasil):
_c2004.
300 _a143 p.
500 _a30 ref.; 39 illus.; 11 graphs.; 13 tables
650 _aPROJETO DE DESENVOLVIMENTO
650 _aDESENVOLVIMENTO SUSTENTÁVEL
650 _aTERRA
909 _a202309
_bLucia
_c55
_dLucia Elande
942 _cBK
999 _c82888
_d82888